| 000 -LEADER |
| fixed length control field |
02090cam a22004574a 4500 |
| 001 - CONTROL NUMBER |
| control field |
12388263 |
| 005 - DATE AND TIME OF LATEST TRANSACTION |
| control field |
20211101175032.0 |
| 008 - FIXED-LENGTH DATA ELEMENTS--GENERAL INFORMATION |
| fixed length control field |
010423s2001 enk b 001 0 eng |
| 010 ## - LIBRARY OF CONGRESS CONTROL NUMBER |
| LC control number |
2001033418 |
| 020 ## - INTERNATIONAL STANDARD BOOK NUMBER |
| International Standard Book Number |
0471495174 (alk. paper) |
| 040 ## - CATALOGING SOURCE |
| Original cataloging agency |
DLC |
| Transcribing agency |
DLC |
| Modifying agency |
DLC |
| 041 ## - LANGUAGE CODE |
| Language code of text/sound track or separate title |
eng |
| 042 ## - AUTHENTICATION CODE |
| Authentication code |
pcc |
| 050 00 - LIBRARY OF CONGRESS CALL NUMBER |
| Classification number |
Q325.5 |
| Item number |
.M36 2001 |
| 080 ## - UNIVERSAL DECIMAL CLASSIFICATION NUMBER |
| Universal Decimal Classification number |
00+620.3+53+577 M-15 |
| 082 00 - DEWEY DECIMAL CLASSIFICATION NUMBER |
| Edition number |
21 |
| 100 1# - MAIN ENTRY--PERSONAL NAME |
| Personal name |
Mandic, Danilo P. |
| 9 (RLIN) |
12784 |
| 245 10 - TITLE STATEMENT |
| Title |
Recurrent neural networks for prediction : |
| Remainder of title |
learning algorithms, architectures, and stability / |
| Statement of responsibility, etc. |
Danilo P. Mandic, Jonathon A. Chambers. |
| 260 ## - PUBLICATION, DISTRIBUTION, ETC. |
| Place of publication, distribution, etc. |
Chichester ; |
| -- |
New York : |
| Name of publisher, distributor, etc. |
John Wiley, |
| Date of publication, distribution, etc. |
c2001. |
| 300 ## - PHYSICAL DESCRIPTION |
| Extent |
xxi, 285 p. : |
| Other physical details |
ill. ; |
| Dimensions |
26 cm. |
| 490 1# - SERIES STATEMENT |
| Series statement |
Wiley series in adaptive and learning systems for signal processing, communications, and control |
| 504 ## - BIBLIOGRAPHY, ETC. NOTE |
| Bibliography, etc. note |
Includes bibliographical references (p. [267]-280) and index. |
| 650 #0 - SUBJECT ADDED ENTRY--TOPICAL TERM |
| Topical term or geographic name entry element |
Machine learning. |
| 9 (RLIN) |
12785 |
| 650 #0 - SUBJECT ADDED ENTRY--TOPICAL TERM |
| Topical term or geographic name entry element |
Neural networks (Computer science) |
| 9 (RLIN) |
12786 |
| 653 ## - INDEX TERM--UNCONTROLLED |
| keyword |
Recurrent neural Networks for prediction |
| 653 ## - INDEX TERM--UNCONTROLLED |
| keyword |
საინჟინრო საქმე |
| 653 ## - INDEX TERM--UNCONTROLLED |
| keyword |
საინფორმაციო ტექნოლოგიები |
| 653 ## - INDEX TERM--UNCONTROLLED |
| keyword |
ფიზიკა |
| 653 ## - INDEX TERM--UNCONTROLLED |
| keyword |
მოლეკულური ბიოლოგია |
| 653 ## - INDEX TERM--UNCONTROLLED |
| keyword |
Молекулярная биология |
| 653 ## - INDEX TERM--UNCONTROLLED |
| keyword |
Физика |
| 653 ## - INDEX TERM--UNCONTROLLED |
| keyword |
Инженерное дело |
| 653 ## - INDEX TERM--UNCONTROLLED |
| keyword |
Информационные технологии |
| 700 1# - ADDED ENTRY--PERSONAL NAME |
| Personal name |
Chambers, Jonathon A. |
| 9 (RLIN) |
12787 |
| 830 #0 - SERIES ADDED ENTRY--UNIFORM TITLE |
| Uniform title |
Adaptive and learning systems for signal processing, communications, and control. |
| 9 (RLIN) |
12788 |
| 856 42 - ELECTRONIC LOCATION AND ACCESS |
| Materials specified |
Publisher description |
| Uniform Resource Identifier |
http://www.loc.gov/catdir/description/wiley035/2001033418.html |
| 856 4# - ELECTRONIC LOCATION AND ACCESS |
| Materials specified |
Table of Contents |
| Uniform Resource Identifier |
http://www.loc.gov/catdir/toc/onix06/2001033418.html |
| 906 ## - LOCAL DATA ELEMENT F, LDF (RLIN) |
| a |
7 |
| b |
cbc |
| c |
orignew |
| d |
1 |
| e |
ocip |
| f |
20 |
| g |
y-gencatlg |
| 942 ## - ADDED ENTRY ELEMENTS (KOHA) |
| Source of classification or shelving scheme |
|
| Koha item type |
წიგნი |